000 00289nam a2200097Ia 4500
008 230915s9999 xx 000 0 und d
050 _aK 231 .O46 2006 C.1
100 _aOMONY, JOHN PAUL
245 0 _aKEY ISSUES IN JURISPRUDENCE; AN INDEPTH DICOURSE IN JURISPRUDENCE PROBLEMS
942 _cBK
999 _c161512
_d161512